[Event "Dortmund"]
[Site "?"]
[Date "1997.??.??"]
[Round "?"]
[White "Short, N."]
[Black "Huebner, R."]
[Result "1-0"]
[WhiteElo "2660"]
[BlackElo "2580"]
[PlyCount "101"]
[EventDate "1997.??.??"]
[Source "ChessBase"]
[SourceDate "1997.06.01"]

1. e4 e5 2. Nf3 Nc6 3. Bc4 Bc5 4. b4 Bxb4 5. c3 Ba5 6. d4 d6 7. Qb3 Qd7 8. dxe5 Bb6 9. Nbd2 Na5 10. Qb4 Nxc4 11. Nxc4 Bc5 12. Qb3 Ne7 13. O-O O-O 14. exd6 cxd6 15. Ba3 Qc7 16. Nd4 Bxa3 17. Nxa3 Nc6 18. Rfe1 Qe7 19. Rab1 Ne5 20. c4 a6 21. Nac2 Be6 22. Ne3 b5 23. Nd5 Bxd5 24. cxd5 Qf6 25. Nc6 Rfe8 26. Rbc1 g6 27. h3 h5 28. Nxe5 Rxe5 29. Rc6 Qe7 30. f3 g5 31. Qb4 Rd8 32. Rxa6 f5 33. Qa5 fxe4 34. Ra7 Rd7 35. Rxd7 Qxd7 36. fxe4 g4 37. hxg4 hxg4 38. Qc3 Qa7+ 39. Qe3 Qxe3+ 40. Rxe3 Kf7 41. Kf2 Kf6 42. Re2 Re8 43. Ke3 g3 44. Kf4 Ra8 45. Rb2 Ra5 46. a3 Rxa3 47. Rxb5 Ra2 48. Rb6 Rxg2 49. Rxd6+ Kf7 50. Kf3 Rg1 51. Re6 1-0

[Event "Sao Paulo"]
[Site "?"]
[Date "2004.??.??"]
[Round "?"]
[White "Milos, G."]
[Black "Vescovi, G."]
[Result "0-1"]
[WhiteElo "2590"]
[BlackElo "2645"]
[PlyCount "60"]
[EventDate "2004.??.??"]
[Source "Chess Informant"]
[SourceDate "2004.10.01"]

1. e4 e5 2. Nf3 Nc6 3. Bc4 Bc5 4. b4 Bxb4 5. c3 Ba5 6. d4 d6 7. Qb3 Qd7 8. dxe5 Bb6 9. Nbd2 Na5 10. Qc2 Nxc4 11. Nxc4 d5 12. exd5 Qxd5 13. Nxb6 axb6 14. Bg5 Qc4 15. Rd1 Be6 16. Rd4 Qxa2 17. Qd3 Qa1+ 18. Ke2 Qa2+ 19. Nd2 Ne7 20. Bxe7 Kxe7 21. Qg3 Rhd8 22. Qxg7 Rxd4 23. Qg5+ Kd7 24. cxd4 Bc4+ 25. Kf3 Bd5+ 26. Kg3 h6 27. Qf4 Rg8+ 28. Kh4 Rxg2 29. Rc1 Be6 30. Kh5 Qxd2 0-1

[Event "56th ch-RUS"]
[Site "Krasnoyarsk"]
[Date "2003.09.08"]
[Round "5"]
[White "Kurnosov, Igor"]
[Black "Lastin, Alexander"]
[Result "1/2-1/2"]
[WhiteElo "2527"]
[BlackElo "2634"]
[PlyCount "56"]
[EventDate "2003.09.03"]
[Source "Roberto Alvarez"]
[SourceDate "2003.09.15"]

1. e4 e5 2. Nf3 Nc6 3. Bc4 Bc5 4. b4 Bxb4 5. c3 Ba5 6. d4 d6 7. Qb3 Qd7 8. dxe5 Bb6 9. Nbd2 Na5 10. Qc2 Nh6 11. O-O O-O 12. h3 Re8 13. Rd1 dxe5 14. Nxe5 Rxe5 15. Nf3 Nxc4 16. Rxd7 Bxd7 17. Qd3 Be6 18. Nxe5 Nxe5 19. Qg3 Nhg4 20. hxg4 Nxg4 21. Be3 Nxe3 22. fxe3 Rd8 23. Qe1 h5 24. Rd1 Rxd1 25. Qxd1 Bxa2 26. Qxh5 Bxe3+ 27. Kh1 Be6 28. Qb5 b6 1/2-1/2

[Event "It (Open) Abudhabi UAE"]
[Site "?"]
[Date "2005.??.??"]
[Round "4"]
[White "Kurnosov Igor"]
[Black "Rausis Igors"]
[Result "1/2-1/2"]
[WhiteElo "2549"]
[BlackElo "2498"]
[PlyCount "32"]
[EventDate "2005.??.??"]
[Source "www.chesslib.no"]
[SourceDate "2004.05.04"]

1. e4 e5 2. Nf3 Nc6 3. Bc4 Bc5 4. b4 Bxb4 5. c3 Ba5 6. d4 d6 7. Qb3 Qd7 8. dxe5 Bb6 9. Nbd2 Na5 10. Qc2 Nxc4 11. Nxc4 d5 12. exd5 Qxd5 13. Qa4+ Bd7 14. Nxb6 cxb6 15. Qb4 Ne7 16. O-O Qc5 1/2-1/2

[Event "Yerevan ol (Men)"]
[Site "Yerevan"]
[Date "1996.??.??"]
[Round "6"]
[White "Christiansen, Larry Mark"]
[Black "Gretarsson, Helgi Ass"]
[Result "1-0"]
[WhiteElo "2555"]
[BlackElo "2465"]
[PlyCount "74"]
[EventDate "1996.09.??"]
[Source "www.chesslib.no"]
[SourceDate "2004.05.04"]

1. e4 e5 2. Nf3 Nc6 3. Bc4 Bc5 4. b4 Bxb4 5. c3 Ba5 6. d4 d6 7. Qb3 Qd7 8. dxe5 Bb6 9. Nbd2 dxe5 10. Ba3 Na5 11. Qb4 c5 12. Qb2 Nxc4 13. Nxc4 f6 14. Rd1 Qe6 15. Nd6+ Ke7 16. O-O Nh6 17. c4 Nf7 18. Nxc8+ Raxc8 19. Rd5 Rhd8 20. Qc2 Kf8 21. Nh4 g6 22. Rfd1 Rxd5 23. cxd5 Qd7 24. h3 Kg7 25. Rd3 Ba5 26. Rg3 b5 27. Bc1 c4 28. Qe2 c3 29. Kh2 c2 30. Nf5+ Kh8 31. Ne3 Bb6 32. Qf3 Qe7 33. Ng4 Nd6 34. Qa3 Rc4 35. Rf3 f5 36. Bg5 Qxg5 37. Qxd6 Rxe4 1-0

[Event "XIX Czech Chladek & Tintera A Open"]
[Site "Pardubice CEC"]
[Date "2008.07.24"]
[Round "7"]
[White "Nabaty, T."]
[Black "Turov, M."]
[Result "1/2-1/2"]
[WhiteElo "2431"]
[BlackElo "2584"]
[PlyCount "33"]
[EventDate "2008.07.18"]
[Source "www.chesslib.no"]
[SourceDate "2004.05.04"]

1. e4 e5 2. Nf3 Nc6 3. Bc4 Bc5 4. b4 Bxb4 5. c3 Ba5 6. d4 d6 7. Qb3 Qd7 8. dxe5 Bb6 9. Nbd2 Na5 10. Qb4 Nxc4 11. Nxc4 Bc5 12. Qb3 Ne7 13. exd6 cxd6 14. O-O O-O 15. Ba3 Qc7 16. Bxc5 Qxc5 17. Ne3 1/2-1/2

[Event "Jack Speigel Memorial"]
[Site "Southend ENG"]
[Date "2008.03.22"]
[Round "3"]
[White "Trent, L."]
[Black "Howell, D."]
[Result "0-1"]
[WhiteElo "2463"]
[BlackElo "2528"]
[PlyCount "54"]
[EventDate "2008.03.21"]
[Source "www.chesslib.no"]
[SourceDate "2004.05.04"]

1. e4 e5 2. Nf3 Nc6 3. Bc4 Bc5 4. b4 Bxb4 5. c3 Ba5 6. d4 d6 7. Qb3 Qd7 8. Nbd2 Bb6 9. a4 Nf6 10. a5 Nxa5 11. Rxa5 Bxa5 12. dxe5 Ng4 13. h3 Nxe5 14. Nxe5 dxe5 15. Ba3 c6 16. O-O b5 17. Rd1 Qb7 18. Qc2 Bd8 19. Qa2 bxc4 20. Nxc4 Be7 21. Bxe7 Qxe7 22. Nd6+ Kf8 23. c4 a5 24. c5 a4 25. f4 exf4 26. Qa3 Be6 27. Rf1 Qg5 0-1

[Event "Dubai op"]
[Site "Dubai"]
[Date "2001.04.20"]
[Round "6"]
[White "Sveshnikov, Evgeny"]
[Black "Sharma, Dinesh K"]
[Result "1/2-1/2"]
[WhiteElo "2571"]
[BlackElo "2385"]
[PlyCount "92"]
[EventDate "2001.04.15"]
[Source "ChessBase"]
[SourceDate "2001.07.05"]

1. e4 e5 2. Nf3 Nc6 3. Bc4 Bc5 4. b4 Bxb4 5. c3 Ba5 6. d4 d6 7. Qb3 Qd7 8. dxe5 Bb6 9. Nbd2 Na5 10. Qc2 Nxc4 11. Nxc4 Bc5 12. exd6 cxd6 13. O-O b5 14. Na5 Qc7 15. Nb3 Be6 16. Nfd4 Bc4 17. Rd1 Ne7 18. a4 Bxb3 19. Nxb3 bxa4 20. Nxc5 dxc5 21. Qxa4+ Qc6 22. Be3 O-O 23. Qxc6 Nxc6 24. Bxc5 Rfd8 25. Rd5 a5 26. f4 a4 27. Kf2 Rdb8 28. Ke3 f6 29. Ra2 Rb3 30. Kd3 Ra5 31. Kc4 Rb1 32. Ba3 Ra8 33. Kc5 Rc8 34. Kd6 Rb6 35. Kd7 Na7 36. Rb2 Ra6 37. Rb7 Rxc3 38. Bb4 Rc4 39. e5 fxe5 40. fxe5 Nc6 41. Ba3 Re4 42. e6 Rxe6 43. Kxe6 Nd8+ 44. Kd7 Nxb7 45. Rd4 Rg6 46. g3 Rg5 1/2-1/2

[Event "Reykjavik op 19th"]
[Site "Reykjavik"]
[Date "2000.04.12"]
[Round "8"]
[White "Gunnarsson, Jon Viktor"]
[Black "Gretarsson, Helgi Ass"]
[Result "0-1"]
[WhiteElo "2400"]
[BlackElo "2544"]
[PlyCount "84"]
[EventDate "2000.04.05"]
[Source "ChessBase"]
[SourceDate "2000.05.11"]

1. e4 e5 2. Nf3 Nc6 3. Bc4 Bc5 4. b4 Bxb4 5. c3 Ba5 6. d4 d6 7. Qb3 Qd7 8. dxe5 Bb6 9. Nbd2 dxe5 10. Ba3 Na5 11. Qb4 c5 12. Qb2 Qc7 13. Bb5+ Kf8 14. Rd1 Ne7 15. O-O f6 16. Nc4 Be6 17. Ncxe5 Rd8 18. Rxd8+ Qxd8 19. Qe2 fxe5 20. Rd1 Qc8 21. Ng5 h6 22. Qf3+ Kg8 23. Bd7 hxg5 24. Bxc8 Nxc8 25. Qg3 Nc4 26. Bc1 g4 27. f4 gxf3 28. gxf3 Kf7 29. f4 Rh3 30. Qg5 exf4 31. Bxf4 Ba5 32. Rf1 Kg8 33. Bg3 Rh6 34. Kh1 Bb6 35. Rg1 Bf7 36. Rf1 N8d6 37. e5 Ne4 38. Qf4 Nxg3+ 39. Qxg3 Bd5+ 40. Kg1 Nd2 41. Rf8+ Kxf8 42. Qf4+ Rf6 0-1

[Event "Copenhagen Open 16th"]
[Site "Copenhagen DEN"]
[Date "1994.??.??"]
[Round "9"]
[White "Hansen, Sune Berg"]
[Black "Stefansson, Hannes H"]
[Result "0-1"]
[WhiteElo "2415"]
[BlackElo "2525"]
[PlyCount "80"]
[EventDate "1994.06.??"]
[Source "www.chesslib.no"]
[SourceDate "2004.05.04"]

1. e4 e5 2. Nf3 Nc6 3. Bc4 Bc5 4. b4 Bxb4 5. c3 Ba5 6. d4 d6 7. Qb3 Qd7 8. dxe5 dxe5 9. O-O Bb6 10. Rd1 Qe7 11. a4 Bc5 12. a5 a6 13. Bd5 Nf6 14. Bg5 O-O 15. Nbd2 Nd8 16. Qa2 Ne6 17. Bh4 Nf4 18. Bc4 Ng6 19. Bg3 Nh5 20. Rab1 Kh8 21. Re1 Nhf4 22. Nf1 Qf6 23. Ne3 b5 24. axb6 cxb6 25. Qc2 b5 26. Ba2 Bd7 27. Rbd1 Be6 28. Bxe6 Qxe6 29. Nd5 Rad8 30. Ng5 Qe8 31. Bxf4 exf4 32. e5 h6 33. Nf3 Qc6 34. Qe4 Ne7 35. Nf6 gxf6 36. Qxf4 Ng8 37. Nh4 Rxd1 38. Rxd1 Qe6 39. exf6 Rd8 40. Ra1 Qxf6 0-1

[Event "SWE-chT 0001"]
[Site "?"]
[Date "2000.??.??"]
[Round "3"]
[White "Djurhuus Rune"]
[Black "Ahlander Bjorn"]
[Result "0-1"]
[WhiteElo "2484"]
[BlackElo "2434"]
[PlyCount "76"]
[EventDate "2000.??.??"]
[Source "www.chesslib.no"]
[SourceDate "2004.05.04"]

1. e4 e5 2. Nf3 Nc6 3. Bc4 Bc5 4. b4 Bxb4 5. c3 Ba5 6. d4 d6 7. Qb3 Qd7 8. dxe5 dxe5 9. O-O Bb6 10. Rd1 Qe7 11. Nbd2 Qf6 12. Nf1 Bg4 13. Rd3 h6 14. Ne3 Be6 15. Nd5 Qg6 16. Be3 O-O-O 17. Rad1 Bxd5 18. Bxd5 Nge7 19. Bxb6 Nxd5 20. exd5 axb6 21. Re3 Qd6 22. Qa4 f6 23. Qa8+ Nb8 24. c4 b5 25. cxb5 Qc5 26. Ree1 Qxb5 27. a4 Qa6 28. Qxa6 Nxa6 29. Nh4 Rd7 30. Nf5 Rhd8 31. Rd3 Nc5 32. Rg3 Nxa4 33. Ra1 Nb6 34. h4 g5 35. h5 Kb8 36. Rf3 Nxd5 37. Nxh6 Nf4 38. Rg3 Rd1+ 0-1

[Event "Groningen GAM"]
[Site "Groningen NED"]
[Date "1993.??.??"]
[Round "?"]
[White "Brenninkmeijer, Joris"]
[Black "Kuijf, Marinus N"]
[Result "1/2-1/2"]
[WhiteElo "2475"]
[BlackElo "2440"]
[PlyCount "79"]
[EventDate "1993.??.??"]
[Source "www.chesslib.no"]
[SourceDate "2004.05.04"]

1. e4 e5 2. Nf3 Nc6 3. Bc4 Bc5 4. b4 Bxb4 5. c3 Ba5 6. d4 d6 7. Qb3 Qd7 8. dxe5 Bb6 9. Bb5 a6 10. Ba4 Bc5 11. c4 Nge7 12. Nc3 O-O 13. O-O dxe5 14. Nxe5 Qd6 15. Nxc6 Nxc6 16. Bxc6 bxc6 17. Na4 Bd4 18. Ba3 c5 19. Rad1 Qc6 20. Rxd4 cxd4 21. Bxf8 Kxf8 22. Qb4+ Kg8 23. Nc5 Be6 24. Rd1 Qd6 25. a3 a5 26. Qb7 Rd8 27. Qb5 Ra8 28. Qb7 Rd8 29. Qb5 Ra8 30. Nxe6 fxe6 31. c5 Qe5 32. Qc6 Rf8 33. g3 Kh8 34. f4 Qh5 35. Rf1 d3 36. Qxc7 Qe2 37. Qd6 Qe3+ 38. Rf2 Qe1+ 39. Rf1 Qe3+ 40. Rf2 1/2-1/2

[Event "Ljubljana op"]
[Site "Ljubljana"]
[Date "1998.??.??"]
[Round "2"]
[White "Sveshnikov, Evgeny"]
[Black "Gazarek, Danko"]
[Result "1-0"]
[WhiteElo "2595"]
[BlackElo "2315"]
[PlyCount "83"]
[EventDate "1998.06.??"]
[Source "www.chesslib.no"]
[SourceDate "2004.05.04"]

1. e4 e5 2. Nf3 Nc6 3. Bc4 Bc5 4. b4 Bxb4 5. c3 Ba5 6. d4 d6 7. Qb3 Qd7 8. dxe5 Bb6 9. Nbd2 Na5 10. Qc2 Nxc4 11. Nxc4 Bc5 12. exd6 cxd6 13. Be3 Bxe3 14. Nxe3 Ne7 15. O-O O-O 16. Rad1 Qc7 17. Rd2 Be6 18. Ng5 Ng6 19. Rfd1 Rac8 20. Rxd6 Qxc3 21. Qxc3 Rxc3 22. Nxe6 fxe6 23. Rxe6 Nf4 24. Re7 Nd3 25. f3 Rf7 26. Re8+ Rf8 27. Rxf8+ Kxf8 28. Nd5 Ra3 29. Rd2 b5 30. Rc2 b4 31. Kf1 a5 32. Ke2 Ne5 33. h4 h5 34. Nc7 Ng6 35. Nb5 Ra4 36. g3 Ne5 37. f4 Nf7 38. Kd3 Ke7 39. Rc7+ Ke8 40. e5 Nh6 41. Nd6+ Kd8 42. Rxg7 1-0

[Event "Petroff mem op"]
[Site "St Petersburg"]
[Date "2000.02.10"]
[Round "4"]
[White "Kalashnikov, Konstantin"]
[Black "Lunev, Andrey"]
[Result "0-1"]
[WhiteElo "2403"]
[BlackElo "2491"]
[PlyCount "178"]
[EventDate "2000.02.05"]
[Source "www.chesslib.no"]
[SourceDate "2004.05.04"]

1. e4 e5 2. Nf3 Nc6 3. Bc4 Bc5 4. b4 Bxb4 5. c3 Ba5 6. d4 d6 7. Qb3 Qd7 8. dxe5 Bb6 9. O-O Na5 10. Qb4 Nxc4 11. Qxc4 dxe5 12. Nxe5 Qe6 13. Qa4+ c6 14. Nc4 Bc5 15. Ncd2 Ne7 16. Ba3 Bxa3 17. Nxa3 O-O 18. Nc2 c5 19. Ne3 b6 20. Rfe1 Bb7 21. c4 Ng6 22. Nd5 Qd6 23. Nf1 Rfe8 24. Rad1 Bc6 25. Qa3 Qe5 26. Re3 Nf4 27. Ng3 g6 28. h3 Kg7 29. Rf3 Ne6 30. Nf6 Red8 31. Rxd8 Nxd8 32. Qe3 Ne6 33. Ng4 Qg5 34. Qc3+ Nd4 35. Rd3 h5 36. Ne3 Qf6 37. h4 Kg8 38. Nd5 Bxd5 39. exd5 Qxh4 40. Re3 Qf6 41. Qd2 Rd8 42. a4 Kg7 43. Qd1 Kf8 44. Ne4 Qf4 45. Nc3 Re8 46. Ne2 Nxe2+ 47. Qxe2 Rxe3 48. fxe3 Qe4 49. Kf2 Ke7 50. Ke1 Qb1+ 51. Kf2 Qe4 52. Ke1 h4 53. Kf2 Kd6 54. Qb2 Ke7 55. Qb5 Qc2+ 56. Kf3 Qd1+ 57. Kf2 Qd2+ 58. Kf3 Qe1 59. Qc6 Qf1+ 60. Kg4 Qxg2+ 61. Kxh4 Qe4+ 62. Kg3 Qxe3+ 63. Kg2 Qg5+ 64. Kh1 Qh4+ 65. Kg2 Qg4+ 66. Kh1 Qd7 67. Qa8 Qh3+ 68. Kg1 Qg4+ 69. Kh1 Qxc4 70. Qxa7+ Kd6 71. Qxb6+ Kxd5 72. a5 Qb4 73. Qa7 Kc6 74. a6 Qh4+ 75. Kg1 Qg3+ 76. Kf1 Qc7 77. Qa8+ Kb6 78. Ke1 f5 79. Kd1 f4 80. Kc2 Qf7 81. Kd1 f3 82. Ke1 Qe6+ 83. Kf2 Qe2+ 84. Kg3 Qxa6 85. Qd8+ Kb5 86. Qd3+ c4 87. Qb1+ Kc5 88. Qg1+ Kc6 89. Kf4 Qa3 0-1

[Event "CADAP"]
[Site "?"]
[Date "2001.03.31"]
[Round "?"]
[White "Hofstetter Dr.Hans-Joachim (G"]
[Black "Ramirez Abraham Raul (ARG)"]
[Result "1/2-1/2"]
[WhiteElo "2554"]
[BlackElo "2331"]
[PlyCount "69"]
[EventDate "2001.??.??"]
[Source "www.chesslib.no"]
[SourceDate "2004.05.04"]

1. e4 e5 2. Nf3 Nc6 3. Bc4 Bc5 4. b4 Bxb4 5. c3 Ba5 6. d4 d6 7. Qb3 Qd7 8. dxe5 dxe5 9. O-O Bb6 10. Rd1 Qe7 11. Rd5 Bg4 12. Ba3 Qf6 13. Nbd2 Nge7 14. Bb5 Nxd5 15. exd5 O-O-O 16. dxc6 Rxd2 17. Nxd2 Qxf2+ 18. Kh1 Qxd2 19. Qxf7 Qxc3 20. Rf1 Qxa3 21. Qxg7 Rd8 22. Qxg4+ Kb8 23. cxb7 Qxa2 24. Bc6 Qa6 25. Qf3 Bc5 26. Be4 h5 27. g3 Qh6 28. Qc3 Bd4 29. Qa3 Qg7 30. Bg2 Qg5 31. h4 Qg8 32. Kh2 Qe8 33. Be4 Bb6 34. Rf5 Rd2+ 35. Kh1 1/2-1/2

[Event "Groningen GAM"]
[Site "Groningen NED"]
[Date "1993.??.??"]
[Round "?"]
[White "Hoeksema, Hendrik Pieter"]
[Black "Brenninkmeijer, Joris"]
[Result "1/2-1/2"]
[WhiteElo "2405"]
[BlackElo "2475"]
[PlyCount "89"]
[EventDate "1993.??.??"]
[Source "www.chesslib.no"]
[SourceDate "2004.05.04"]

1. e4 e5 2. Nf3 Nc6 3. Bc4 Bc5 4. b4 Bxb4 5. c3 Ba5 6. d4 d6 7. Qb3 Qd7 8. dxe5 Bb6 9. Nbd2 dxe5 10. Ba3 Nh6 11. Rd1 Na5 12. Qb4 c5 13. Qb1 O-O 14. Nxe5 Qe7 15. Ndf3 Nxc4 16. Nxc4 Bg4 17. h3 Bh5 18. Bc1 Qe6 19. Nd6 Rad8 20. Bxh6 Rxd6 21. Rxd6 Qxd6 22. Be3 Qf6 23. Ke2 Bxf3+ 24. gxf3 Qxc3 25. Rc1 Qe5 26. Qb5 Qe6 27. a4 f5 28. a5 Qa2+ 29. Bd2 Rd8 30. Qc4+ Qxc4+ 31. Rxc4 Rxd2+ 32. Kxd2 Bxa5+ 33. Kd3 Bb4 34. exf5 b5 35. Re4 Kf7 36. Re6 Ba5 37. Ke4 Be1 38. Ra6 Bxf2 39. Rxa7+ Kf6 40. f4 Bd4 41. Rb7 b4 42. Rb6+ Kf7 43. Rb7+ Kf6 44. Rb6+ Kf7 45. Rb7+ 1/2-1/2

[Event "Corr"]
[Site "?"]
[Date "1999.11.10"]
[Round "?"]
[White "D'Alessandro Giorgio (ITA)"]
[Black "Buecker Juergen (GER)"]
[Result "0-1"]
[WhiteElo "2409"]
[BlackElo "2460"]
[PlyCount "84"]
[EventDate "1999.??.??"]
[Source "www.chesslib.no"]
[SourceDate "2004.05.04"]

1. e4 e5 2. Nf3 Nc6 3. Bc4 Bc5 4. b4 Bxb4 5. c3 Ba5 6. d4 d6 7. Qb3 Qd7 8. dxe5 Bb6 9. Nbd2 Na5 10. Qc2 Nxc4 11. Nxc4 d5 12. exd5 Qxd5 13. Nxb6 axb6 14. O-O Ne7 15. c4 Qa5 16. Rd1 Qa4 17. Qe2 Be6 18. Bg5 Nc6 19. a3 Qxc4 20. Qxc4 Bxc4 21. Nd2 Be6 22. Ne4 O-O 23. Bf4 Ra4 24. f3 Rfa8 25. Rd3 h6 26. Bg3 Nd4 27. Re1 Nb5 28. Bh4 Rxa3 29. Red1 Rxd3 30. Rxd3 Bf5 31. Kf2 Bxe4 32. fxe4 g5 33. Bg3 c5 34. Rd5 Nd4 35. Kf1 Ra1+ 36. Kf2 Ne6 37. Ke2 c4 38. Rd6 b5 39. Bf2 c3 40. Be3 c2 41. Rd7 Nc5 42. Rd4 Kg7 0-1

[Event "Wch U20"]
[Site "Matinhos"]
[Date "1994.??.??"]
[Round "?"]
[White "Georgiev, Vladimir"]
[Black "Gretarsson, Helgi A"]
[Result "0-1"]
[WhiteElo "2430"]
[BlackElo "2425"]
[PlyCount "88"]
[EventDate "1994.09.??"]
[Source "www.chesslib.no"]
[SourceDate "2004.05.04"]

1. e4 e5 2. Nf3 Nc6 3. Bc4 Bc5 4. b4 Bxb4 5. c3 Ba5 6. d4 d6 7. Qb3 Qd7 8. dxe5 dxe5 9. O-O Bb6 10. Bb5 Nge7 11. Nxe5 Qe6 12. Bf4 O-O 13. Nxc6 Nxc6 14. Nd2 Qf6 15. Bg3 Be6 16. Qc2 Ne5 17. Be2 Rad8 18. Nb3 Ng6 19. Rfd1 Nf4 20. Bf1 Nh5 21. Nd4 Nxg3 22. hxg3 Bg4 23. Re1 Rfe8 24. Nf5 Re5 25. Ne3 Be6 26. Rad1 Re8 27. Rd2 Qh6 28. Qa4 c6 29. g4 Bxg4 30. Nxg4 Qxd2 31. Re2 Qxc3 32. Nxe5 Qxe5 33. Qb3 Rd8 34. g3 g6 35. Bg2 h5 36. Bh3 Kg7 37. Kg2 Rh8 38. Qf3 Re8 39. Re1 Qd4 40. Rd1 Qxe4 41. Rd7 Qxf3+ 42. Kxf3 g5 43. Bf1 g4+ 44. Kg2 Rd8 0-1

[Event "DSU"]
[Site "?"]
[Date "2000.02.15"]
[Round "?"]
[White "Bohak Janko (SLO)"]
[Black "Piccoli Fabio Bidart (BRA)"]
[Result "1-0"]
[WhiteElo "2398"]
[BlackElo "2454"]
[PlyCount "105"]
[EventDate "2000.??.??"]
[Source "www.chesslib.no"]
[SourceDate "2004.05.04"]

1. e4 e5 2. Nf3 Nc6 3. Bc4 Bc5 4. b4 Bxb4 5. c3 Ba5 6. d4 d6 7. Qb3 Qd7 8. dxe5 Bb6 9. Nbd2 Na5 10. Qc2 Nxc4 11. Nxc4 d5 12. Bg5 h6 13. Bh4 Qg4 14. O-O-O g5 15. Nxb6 axb6 16. Bg3 Qxe4 17. Qxe4 dxe4 18. Nd4 Bd7 19. Kb2 c5 20. Nc2 Ne7 21. h4 gxh4 22. Bxh4 Nf5 23. Bf6 Rg8 24. g3 Be6 25. a3 b5 26. Rd2 Rg6 27. Re1 Rg4 28. Red1 Ne7 29. Ne3 Rg6 30. Rd6 Nc6 31. Nd5 Bxd5 32. R6xd5 e3 33. fxe3 Rxg3 34. Rxc5 Rxe3 35. Rxb5 Re2+ 36. Kb1 Rxa3 37. Rxb7 Ra8 38. Rg1 Kf8 39. Rg7 Re1+ 40. Kc2 Ra2+ 41. Kd3 Rd1+ 42. Ke4 Re2+ 43. Kf3 Rxe5 44. Bxe5 Nxe5+ 45. Ke2 Kxg7 46. Kxd1 h5 47. Ke2 Kg6 48. Ke3 f5 49. Kd4 Nf3+ 50. Kd5 h4 51. c4 h3 52. Rb1 h2 53. Rh1 1-0

[Event "Tournament"]
[Site "Alma Ata (Kazakhstan)"]
[Date "1986.??.??"]
[Round "?"]
[White "Katalymov, Boris N"]
[Black "Goldin, Alexander V"]
[Result "0-1"]
[WhiteElo "2460"]
[BlackElo "2390"]
[PlyCount "52"]
[EventDate "1986.??.??"]
[Source "www.chesslib.no"]
[SourceDate "2004.05.04"]

1. e4 e5 2. Nf3 Nc6 3. Bc4 Bc5 4. b4 Bxb4 5. c3 Ba5 6. d4 d6 7. O-O Bb6 8. a4 a5 9. Na3 Nf6 10. Bb5 O-O 11. Nc4 Nxe4 12. Nxb6 cxb6 13. Qc2 d5 14. Ba3 Re8 15. dxe5 Bf5 16. Qc1 Nc5 17. Qf4 Be4 18. Nd4 Qc7 19. Rfe1 f6 20. Bf1 Nxe5 21. Nb5 Qd7 22. Rad1 Ncd3 23. Qg3 Nxe1 24. Rxe1 Bc2 25. Nd6 Bxa4 26. Nxe8 Rxe8 0-1

[Event "Asztalos Memorial"]
[Site "Baja"]
[Date "1971.??.??"]
[Round "2"]
[White "Sax, Gyula"]
[Black "Tabor, Jozsef"]
[Result "1/2-1/2"]
[WhiteElo "2400"]
[BlackElo "2440"]
[PlyCount "121"]
[EventDate "1971.05.??"]
[Source "www.chesslib.no"]
[SourceDate "2004.05.04"]

1. e4 e5 2. Nf3 Nc6 3. Bc4 Bc5 4. b4 Bxb4 5. c3 Ba5 6. d4 d6 7. Qb3 Nxd4 8. Nxd4 exd4 9. Bxf7+ Kf8 10. Bxg8 Rxg8 11. O-O Bb6 12. Bb2 Qf6 13. cxd4 Bxd4 14. Bxd4 Qxd4 15. Nc3 c6 16. Rfd1 Qb6 17. Qc2 Qc5 18. Rd3 g5 19. Qd2 Rg6 20. Rc1 Qe5 21. Rd1 Ke7 22. Re1 Be6 23. Nd5+ Kd7 24. Qa5 Rc8 25. Nb6+ Kc7 26. Qxe5 dxe5 27. Nxc8 Bxc8 28. Red1 a5 29. Rd8 Be6 30. Ra8 Bxa2 31. Rxa5 Bc4 32. Rxe5 b5 33. f3 Rg7 34. Kf2 Kb6 35. g3 Ra7 36. Rxg5 Ra2+ 37. Ke3 Rxh2 38. f4 Re2+ 39. Kd4 Bb3 40. Rc1 Bc2 41. Rxc2 Rxc2 42. f5 Rd2+ 43. Ke3 Rd8 44. f6 b4 45. Rh5 b3 46. Rh1 c5 47. e5 Kc6 48. Kf4 b2 49. e6 Rb8 50. Rb1 Kd6 51. Kf5 c4 52. Rd1+ Kc7 53. e7 c3 54. f7 c2 55. e8=Q cxd1=Q 56. Qxb8+ Kxb8 57. f8=Q+ Kc7 58. Qc5+ Kd7 59. Qb5+ Ke7 60. Qxb2 Qh5+ 61. Kf4 1/2-1/2

[Event "Olot op  M3"]
[Site "?"]
[Date "1993.??.??"]
[Round "4"]
[White "Beltran S"]
[Black "Lalic B"]
[Result "0-1"]
[WhiteElo "2310"]
[BlackElo "2520"]
[PlyCount "98"]
[EventDate "1993.??.??"]
[Source "www.chesslib.no"]
[SourceDate "2004.05.04"]

1. e4 e5 2. Nf3 Nc6 3. Bc4 Bc5 4. b4 Bxb4 5. c3 Ba5 6. d4 d6 7. Qb3 Qd7 8. dxe5 Bb6 9. Bb5 a6 10. Bxc6 Qxc6 11. Ng5 Nh6 12. O-O dxe5 13. Be3 Bg4 14. h3 Be2 15. Re1 Bc4 16. Qb2 O-O-O 17. Nd2 f6 18. Ngf3 Rd3 19. Qb4 Be6 20. c4 Rhd8 21. c5 a5 22. Qb2 Bxc5 23. Bxc5 Qxc5 24. Rec1 Qb4 25. Qc2 c6 26. Nf1 Ra3 27. Ne3 g6 28. Nd5 Bxd5 29. exd5 Rxd5 30. Rab1 Qd6 31. Qb2 b5 32. Rxc6+ Qxc6 33. Qxa3 b4 34. Qb2 Qc3 35. Qe2 Kb7 36. Rd1 Rxd1+ 37. Qxd1 Qc6 38. Qd8 Qc1+ 39. Kh2 e4 40. Nd2 Qc7+ 41. Qxc7+ Kxc7 42. Nxe4 Kc6 43. Kg3 f5 44. Nd2 Kd5 45. Kf4 Nf7 46. h4 a4 47. h5 Kd4 48. hxg6 hxg6 49. Nf3+ Kc3 0-1

[Event "Heart of Finland op"]
[Site "?"]
[Date "1997.??.??"]
[Round "4"]
[White "Zapolskis, Antanas"]
[Black "Norri, Joose"]
[Result "1-0"]
[WhiteElo "2385"]
[BlackElo "2430"]
[PlyCount "53"]
[EventDate "1997.??.??"]
[Source "www.chesslib.no"]
[SourceDate "2004.05.04"]

1. e4 e5 2. Nf3 Nc6 3. Bc4 Bc5 4. b4 Bxb4 5. c3 Ba5 6. d4 d6 7. Qb3 Qd7 8. O-O Bb6 9. Nbd2 Na5 10. Qc2 Nxc4 11. Nxc4 f6 12. a4 Qc6 13. Qe2 a6 14. Ba3 Ba7 15. dxe5 fxe5 16. Nfxe5 dxe5 17. Qh5+ Qg6 18. Qxe5+ Be6 19. Rad1 Rc8 20. Rd6 cxd6 21. Nxd6+ Kd7 22. Rd1 Bxf2+ 23. Kh1 Bb3 24. Rd3 Bc2 25. Rd5 Ne7 26. Rd2 Nc6 27. Nc4+ 1-0

[Event "Corr"]
[Site "?"]
[Date "1998.??.??"]
[Round "?"]
[White "Grasso Giorgio Luigi"]
[Black "Landolfi Franco"]
[Result "0-1"]
[WhiteElo "2455"]
[BlackElo "2360"]
[PlyCount "79"]
[EventDate "1998.??.??"]
[Source "www.chesslib.no"]
[SourceDate "2004.05.04"]

1. e4 e5 2. Nf3 Nc6 3. Bc4 Bc5 4. b4 Bxb4 5. c3 Ba5 6. d4 d6 7. Qb3 Qd7 8. dxe5 Bb6 9. Nbd2 dxe5 10. Ba3 Na5 11. Qb4 c5 12. Qb2 Nxc4 13. Nxc4 f6 14. O-O Qc7 15. Rfd1 Bg4 16. Rab1 Ne7 17. Qb5+ Bd7 18. Qb3 Nc8 19. Rd2 Qc6 20. Qd1 Qa4 21. Nxb6 axb6 22. Rb3 Ne7 23. c4 Bc6 24. Qe2 O-O 25. h4 Ng6 26. g3 Rfd8 27. h5 Nf8 28. h6 Ne6 29. Bc1 Rxd2 30. Nxd2 Qxa2 31. Rb2 Qa1 32. Nb3 Qa4 33. f4 exf4 34. gxf4 Re8 35. f5 Nd4 36. Qg4 Re7 37. Nxd4 cxd4 38. Rd2 Qa1 39. Rd1 Bxe4 40. Be3 0-1

[Event "AUT-chT2W 9596"]
[Site "Austria"]
[Date "1995.??.??"]
[Round "?"]
[White "Sermek, Drazen"]
[Black "Unzicker, Ferdinand"]
[Result "1-0"]
[WhiteElo "2515"]
[BlackElo "2295"]
[PlyCount "43"]
[EventDate "1995.??.??"]
[Source "www.chesslib.no"]
[SourceDate "2004.05.04"]

1. e4 e5 2. Nf3 Nc6 3. Bc4 Bc5 4. b4 Bxb4 5. c3 Ba5 6. d4 d6 7. Qb3 Qd7 8. dxe5 Bb6 9. Nbd2 Na5 10. Qc2 Nxc4 11. Nxc4 Qe6 12. Qb3 dxe5 13. Ba3 f6 14. O-O-O Nh6 15. Rd2 Bd7 16. Rxd7 Qxd7 17. Rd1 Qc6 18. Nd6+ cxd6 19. Qe6+ Kd8 20. Rxd6+ Qxd6 21. Qxd6+ Kc8 22. Qe6+ 1-0

[Event "Minsk zt 1.8"]
[Site "Minsk"]
[Date "2000.05.28"]
[Round "3"]
[White "Zulfugaryi, Magomed"]
[Black "Dovliatov, Sanan"]
[Result "1-0"]
[WhiteElo "2479"]
[BlackElo "2327"]
[PlyCount "33"]
[EventDate "2000.05.26"]
[Source "www.chesslib.no"]
[SourceDate "2004.05.04"]

1. e4 e5 2. Nf3 Nc6 3. Bc4 Bc5 4. b4 Bxb4 5. c3 Ba5 6. d4 d6 7. Qb3 Qd7 8. dxe5 dxe5 9. O-O Bb6 10. Rd1 Qe7 11. a4 Na5 12. Bxf7+ Qxf7 13. Rd8+ Ke7 14. Bg5+ Nf6 15. Qxf7+ Kxf7 16. Rxh8 Nxe4 17. Bh4 1-0